[Event "Vaujany op-A 6th"]
[Site "Vaujany"]
[Date "2015.07.12"]
[Round "4"]
[White "Van Foreest, Lucas"]
[Black "Adda, Olivier"]
[Result "1-0"]
[WhiteElo "2312"]
[BlackElo "2104"]
[PlyCount "131"]
[EventDate "2015.07.09"]
[EventType "swiss"]
[EventRounds "9"]
[EventCountry "FRA"]
[SourceTitle "EXT 2017"]
[Source "ChessBase"]
[SourceDate "2016.10.25"]
[SourceVersion "1"]
[SourceVersionDate "2016.10.25"]
[SourceQuality "1"]

1. e4 e5 2. Nf3 Nc6 3. Bc4 Bc5 4. Bb3 Nf6 5. d3 d6 6. c3 Bg4 7. Nbd2 Qd7 8. h3 Be6 9. Bc2 a6 10. Ng5 0-0 11. Ndf3 h6 12. Nxe6 fxe6 13. 0-0 Rf7 14. d4 Ba7 15. Be3 exd4 16. cxd4 d5 17. e5 Ne4 18. a3 Raf8 19. Qd3 Rxf3 20. gxf3 Rxf3 21. Qd1 Qf7 22. Kg2 Rf5 23. f4 Nxe5 24. Bxe4 Nc4 25. Qd3 Nxe3+ 26. Qxe3 dxe4 27. Qxe4 Rd5 28. Rad1 Qd7 29. Rfe1 Kf7 30. Re3 Bxd4 31. Rb3 b5 32. Rbd3 Bxb2 33. Rxd5 exd5 34. Rxd5 Qe6 35. Rf5+ Bf6 36. Qc2 Qd6 37. Rc5 Qxf4 38. Rxc7+ Be7 39. Qb3+ Kf6 40. Qc3+ Kf7 41. Qb3+ Kf6 42. Rc6+ Bd6 43. Rxa6 Qg5+ 44. Kf1 Qf5+ 45. Kg2 Qg5+ 46. Kf2 Qd2+ 47. Kf3 Qf4+ 48. Ke2 Qe4+ 49. Kd1 Qd4+ 50. Kc2 Qf2+ 51. Kb1 Qc5 52. Qf3+ Ke6 53. Qe4+ Qe5 54. Qg6+ Kd5 55. Qd3+ Ke6 56. Rc6 b4 57. Rc2 Kd7 58. a4 Qe1+ 59. Kb2 Qe5+ 60. Kb3 Qe6+ 61. Rc4 Qe1 62. Qf5+ Kd8 63. Qc8+ Ke7 64. Qb7+ Kf6 65. Qf3+ Ke5 66. Qf4+ 1-0

[Event "Vaujany op-A 6th"]
[Site "Vaujany"]
[Date "2015.07.09"]
[Round "1"]
[White "Libiszewski, Fabien"]
[Black "Adda, Olivier"]
[Result "1-0"]
[WhiteElo "2531"]
[BlackElo "2116"]
[PlyCount "69"]
[EventDate "2015.07.09"]
[EventType "swiss"]
[EventRounds "9"]
[EventCountry "FRA"]
[SourceTitle "EXT 2016"]
[Source "ChessBase"]
[SourceDate "2015.10.08"]
[SourceVersion "1"]
[SourceVersionDate "2015.10.08"]
[SourceQuality "1"]

1. e4 e5 2. Nf3 Nc6 3. Bb5 a6 4. Ba4 Nf6 5. 0-0 b5 6. Bb3 Bb7 7. d3 Bd6 8. a3 0-0 9. Nc3 Na5 10. Ba2 h6 11. Ne2 c5 12. Nh4 Re8 13. Nf5 Bf8 14. f4 c4 15. fxe5 Rxe5 16. b4 Nc6 17. Bb2 Qb6+ 18. Kh1 Ng4 19. Ned4 Rxf5 20. Nxf5 Nf2+ 21. Rxf2 Qxf2 22. Bxg7 Ne7 23. Bxf8 Nxf5 24. Bc5 Ne3 25. Qf3 Qxf3 26. gxf3 Nxc2 27. Rg1+ Kh7 28. dxc4 f5 29. cxb5 axb5 30. Bb3 Nxa3 31. Bd4 h5 32. Rg7+ Kh6 33. Rxd7 Rb8 34. Be3+ Kg6 35. Ba7 1-0

[Event "Vaujany op 4th"]
[Site "Vaujany"]
[Date "2013.07.16"]
[Round "6"]
[White "Micottis, Dorian"]
[Black "Adda, Olivier"]
[Result "1-0"]
[WhiteElo "2086"]
[BlackElo "2132"]
[PlyCount "177"]
[EventDate "2013.07.11"]
[EventType "swiss"]
[EventRounds "9"]
[EventCountry "FRA"]
[SourceTitle "EXT 2014"]
[Source "ChessBase"]
[SourceDate "2013.11.20"]
[SourceVersion "1"]
[SourceVersionDate "2013.11.20"]
[SourceQuality "1"]

1. Nf3 Nf6 2. g3 e6 3. Bg2 c5 4. 0-0 Be7 5. d3 Nc6 6. e4 Qc7 7. Re1 d6 8. c3 0-0 9. a4 Bd7 10. Bf4 e5 11. Bg5 Kh8 12. Na3 Bg4 13. Bxf6 Bxf6 14. Nc4 Qd7 15. Ne3 Bh3 16. Bxh3 Qxh3 17. Nf5 Rad8 18. Kh1 Qg4 19. Kg2 Ne7 20. h3 Qg6 21. g4 Nxf5 22. exf5 Qh6 23. h4 g5 24. hxg5 Bxg5 25. Rh1 Qg7 26. Nxg5 Qxg5 27. Rh5 Qf4 28. Qf3 Qxf3+ 29. Kxf3 f6 30. Rah1 Rf7 31. g5 fxg5 32. Kg4 d5 33. f3 Rd6 34. Rh6 Rfd7 35. Re6 Kg7 36. Kxg5 c4 37. dxc4 d4 38. f6+ Kf8 39. Rxd6 Rxd6 40. Rxh7 d3 41. Kg6 Ke8 42. Rh1 d2 43. Rd1 Rd3 44. Kf5 Rxf3+ 45. Kxe5 Rf2 46. Ke4 Kd7 47. Ke3 Rxf6 48. Rxd2+ Kc6 49. Rd5 Rh6 50. b4 Rh3+ 51. Kd2 Rh2+ 52. Kd3 Rh3+ 53. Kc2 Rh6 54. Kb3 Kc7 55. Rg5 Rh7 56. Rg6 Rh5 57. Rg7+ Kc8 58. a5 a6 59. Re7 Rg5 60. Kc2 Rg3 61. Kd2 Rh3 62. Re3 Rh1 63. Kd3 Kc7 64. Kd4 Rd1+ 65. Kc5 Rd7 66. b5 Rh7 67. Re6 Rh5+ 68. Kb4 Rh1 69. bxa6 bxa6 70. Rxa6 Kb7 71. Rg6 Rh5 72. c5 Rh1 73. c6+ Kc7 74. c4 Rh2 75. Kb5 Rh5+ 76. c5 Rh1 77. Rg7+ Kb8 78. c7+ Kc8 79. Kb6 Rb1+ 80. Kc6 Rb6+ 81. Kd5 Ra6 82. Rg8+ Kxc7 83. Rg7+ Kb8 84. c6 Rxa5+ 85. Kd6 Ra6 86. Rg8+ Ka7 87. Kd7 Kb6 88. c7 Ra7 89. Rb8+ 1-0

[Event "Vaujany op 4th"]
[Site "Vaujany"]
[Date "2013.07.14"]
[Round "4"]
[White "Ninov, Nikolai"]
[Black "Adda, Olivier"]
[Result "1/2-1/2"]
[WhiteElo "2481"]
[BlackElo "2132"]
[PlyCount "77"]
[EventDate "2013.07.11"]
[EventType "swiss"]
[EventRounds "9"]
[EventCountry "FRA"]
[SourceTitle "EXT 2014"]
[Source "ChessBase"]
[SourceDate "2013.11.20"]
[SourceVersion "1"]
[SourceVersionDate "2013.11.20"]
[SourceQuality "1"]

1. e4 e5 2. Nf3 Nc6 3. Bb5 a6 4. Ba4 Nf6 5. 0-0 b5 6. Bb3 Bb7 7. Qe2 Bc5 8. c3 0-0 9. Rd1 d6 10. a4 Bb6 11. d3 h6 12. Na3 Re8 13. Bd2 d5 14. axb5 axb5 15. Nxb5 Rxa1 16. Rxa1 dxe4 17. dxe4 Na5 18. Bc2 Bc6 19. Na3 Nb7 20. Nc4 Bb5 21. Ba4 Bxa4 22. Rxa4 Nc5 23. Nxb6 cxb6 24. Rb4 Re6 25. Be1 Qd3 26. Qxd3 Nxd3 27. Rc4 Nxb2 28. Rc8+ Kh7 29. Nd2 Nd3 30. Kf1 b5 31. Rd8 Nxe1 32. Kxe1 Rc6 33. Rd3 Ne8 34. Ke2 Nc7 35. Nf3 f6 36. Ne1 Rc4 37. f3 Ne6 38. Kd2 b4 39. cxb4 1/2-1/2

[Event "Vaujany op 4th"]
[Site "Vaujany"]
[Date "2013.07.12"]
[Round "2"]
[White "Foisor, Cristina Adela B"]
[Black "Adda, Olivier"]
[Result "1-0"]
[WhiteElo "2387"]
[BlackElo "2132"]
[PlyCount "89"]
[EventDate "2013.07.11"]
[EventType "swiss"]
[EventRounds "9"]
[EventCountry "FRA"]
[SourceTitle "EXT 2014"]
[Source "ChessBase"]
[SourceDate "2013.11.20"]
[SourceVersion "1"]
[SourceVersionDate "2013.11.20"]
[SourceQuality "1"]

1. c4 Nf6 2. g3 e6 3. Bg2 d5 4. Nf3 dxc4 5. Qa4+ c6 6. Qxc4 b5 7. Qc2 Bb7 8. 0-0 a6 9. d4 Nbd7 10. Nc3 c5 11. dxc5 Bxc5 12. Bg5 Rc8 13. a3 0-0 14. Rad1 Qc7 15. Bf4 e5 16. Nxe5 Bxg2 17. Nxd7 Qc6 18. Nxf6+ gxf6 19. Qf5 Bxf1 20. Nd5 Rfd8 21. Kxf1 Rxd5 22. Qxd5 Qxd5 23. Rxd5 Kg7 24. h4 Bf8 25. Bd2 Rc2 26. b4 Ra2 27. Rd3 Kg6 28. e4 h5 29. Be3 f5 30. e5 f4 31. Bxf4 Kf5 32. Kg2 Bg7 33. Rd7 Bxe5 34. Bxe5 Kxe5 35. Rxf7 Rxa3 36. Rh7 Kd4 37. Rxh5 Kc4 38. Re5 Kxb4 39. h5 Rd3 40. h6 Rd8 41. g4 a5 42. g5 a4 43. h7 a3 44. g6 a2 45. Re1 1-0

[Event "Blagny op 4th"]
[Site "Blagny"]
[Date "2012.04.09"]
[Round "5.3"]
[White "Vedovotto, Nicolas"]
[Black "Adda, Olivier"]
[Result "1/2-1/2"]
[WhiteElo "2080"]
[BlackElo "2087"]
[PlyCount "61"]
[EventDate "2012.03.??"]
[EventType "swiss"]
[EventRounds "6"]
[EventCountry "FRA"]
[SourceTitle "EXT 2014"]
[Source "ChessBase"]
[SourceDate "2013.11.20"]
[SourceVersion "1"]
[SourceVersionDate "2013.11.20"]
[SourceQuality "1"]

1. d4 f5 2. Nc3 d5 3. g3 e6 4. Bg2 c6 5. f4 Nf6 6. Nf3 Bd6 7. e3 0-0 8. 0-0 Bd7 9. Ne5 Be8 10. Bf3 a6 11. Ne2 Bh5 12. Bxh5 Nxh5 13. Bd2 Rf6 14. Nc1 Rh6 15. Ncd3 Nf6 16. Rf2 Nbd7 17. Nxd7 Qxd7 18. Rg2 Ne4 19. Nf2 Qe7 20. Nxe4 fxe4 21. Qe2 Rf8 22. Rf1 Rhf6 23. Rgf2 Qf7 24. Qe1 c5 25. dxc5 Bxc5 26. Bc3 Rh6 27. Be5 Qe7 28. Qd2 Rg6 29. a3 Bd6 30. f5 exf5 31. Qxd5+ 1/2-1/2

[Event "Blagny op 4th"]
[Site "Blagny"]
[Date "2012.04.08"]
[Round "3"]
[White "Adda, Olivier"]
[Black "Hanot, Wilfried"]
[Result "1-0"]
[WhiteElo "2087"]
[BlackElo "1849"]
[PlyCount "121"]
[EventDate "2012.03.??"]
[EventType "swiss"]
[EventRounds "6"]
[EventCountry "FRA"]
[SourceTitle "EXT 2014"]
[Source "ChessBase"]
[SourceDate "2013.11.20"]
[SourceVersion "1"]
[SourceVersionDate "2013.11.20"]
[SourceQuality "1"]

1. e4 c6 2. d4 d5 3. exd5 cxd5 4. c4 dxc4 5. Bxc4 h6 6. Nf3 Nf6 7. 0-0 Qc7 8. Ne5 e6 9. Na3 a6 10. Bf4 Bd6 11. Rc1 Qe7 12. Bb5+ Nbd7 13. Nac4 axb5 14. Nxd6+ Qxd6 15. Ng6 Qb4 16. Nxh8 Kf8 17. Qc2 Kg8 18. Qxc8+ Rxc8 19. Rxc8+ Kh7 20. Nxf7 Qxd4 21. Bc1 Qa4 22. a3 Qd4 23. h3 Ne5 24. Rc7 Nxf7 25. Rxf7 Qd5 26. Re1 e5 27. Re7 e4 28. Bf4 Kg6 29. Be5 Qd2 30. Bc3 Qd6 31. Bxf6 Qxf6 32. R1xe4 Qxb2 33. Rg4+ Kf6 34. Rexg7 Qxa3 35. Rxb7 Qc5 36. Rf4+ Kg5 37. g3 h5 38. h4+ Kg6 39. Kh2 Qc6 40. Rb8 Qd7 41. Rg8+ Kh6 42. Rg5 Qe8 43. Rf6+ Kh7 44. Rb6 Qe2 45. Rf5 Kg7 46. Rbxb5 Kg6 47. Rg5+ Kh6 48. Rxh5+ Kg6 49. Rhg5+ Kh6 50. Rbf5 Qb2 51. h5 Qc2 52. Rg6+ Kh7 53. Rf7+ Kh8 54. Ra6 Kg8 55. Raa7 Qe2 56. Rf5 Qc2 57. Raf7 Qd2 58. Rf8+ Kg7 59. R5f7+ Kh6 60. Rh8+ Kg5 61. Kh3 1-0

[Event "FRA-ch Accession"]
[Site "Aix les Bains"]
[Date "2007.08.18"]
[Round "5"]
[White "Adda, Olivier"]
[Black "Veron, Cyprien"]
[Result "0-1"]
[WhiteElo "2221"]
[BlackElo "2121"]
[PlyCount "52"]
[EventDate "2007.08.13"]
[EventType "swiss"]
[EventRounds "11"]
[EventCountry "FRA"]
[SourceTitle "CBM 120 Extra"]
[Source "ChessBase"]
[SourceDate "2007.11.01"]
[SourceVersion "1"]
[SourceVersionDate "2007.11.01"]
[SourceQuality "1"]

1. d4 d5 2. c4 c6 3. Nc3 Nf6 4. Nf3 e6 5. Bg5 dxc4 6. e4 b5 7. a4 Qb6 8. axb5 cxb5 9. Ne5 Nfd7 10. Be3 Bb7 11. d5 Bc5 12. Nxd7 Nxd7 13. dxe6 fxe6 14. Qh5+ g6 15. Bxc5 Nxc5 16. Qh4 0-0 17. Be2 b4 18. Na4 Qa6 19. 0-0 Nxa4 20. b3 Nc3 21. Rxa6 Nxe2+ 22. Kh1 Bxa6 23. Qg4 Nd4 24. e5 c3 25. Rd1 Be2 26. Qxd4 Bxd1 0-1

[Event "Grenoble Masters 6th"]
[Site "Grenoble"]
[Date "2007.06.23"]
[Round "4"]
[White "Fargere, Francois"]
[Black "Adda, Olivier"]
[Result "1-0"]
[WhiteElo "2344"]
[BlackElo "2190"]
[PlyCount "65"]
[EventDate "2007.06.20"]
[EventType "tourn"]
[EventRounds "9"]
[EventCountry "FRA"]
[EventCategory "4"]
[SourceTitle "CBM 119 Extra"]
[Source "ChessBase"]
[SourceDate "2007.09.04"]
[SourceVersion "1"]
[SourceVersionDate "2007.09.04"]
[SourceQuality "1"]

1. e4 e5 2. Nf3 Nc6 3. Bb5 a6 4. Bxc6 dxc6 5. 0-0 Be7 6. d3 Bf6 7. Nbd2 g5 8. Nc4 g4 9. Nfxe5 b5 10. Nxc6 Qd7 11. N4a5 h5 12. d4 Kf8 13. Qd3 h4 14. Bf4 Rh5 15. Rad1 h3 16. g3 b4 17. Bd2 Be7 18. Nxe7 Nxe7 19. Bxb4 Rb8 20. Qa3 Rxa5 21. Qxa5 Rb5 22. Qa3 Bb7 23. Bxe7+ Qxe7 24. Qxe7+ Kxe7 25. d5 Rc5 26. b3 Rc3 27. Rd4 Rxc2 28. Rc4 Rxc4 29. bxc4 Kd6 30. Rb1 Bc8 31. Rb8 Bd7 32. Rd8 Ke7 33. Ra8 1-0

[Event "Grenoble Masters 6th"]
[Site "Grenoble"]
[Date "2007.06.20"]
[Round "1"]
[White "Aguettaz, Maxime"]
[Black "Adda, Olivier"]
[Result "1-0"]
[WhiteElo "2329"]
[BlackElo "2190"]
[PlyCount "82"]
[EventDate "2007.06.20"]
[EventType "tourn"]
[EventRounds "9"]
[EventCountry "FRA"]
[EventCategory "4"]
[SourceTitle "CBM 119 Extra"]
[Source "ChessBase"]
[SourceDate "2007.09.04"]
[SourceVersion "1"]
[SourceVersionDate "2007.09.04"]
[SourceQuality "1"]

1. Nf3 Nf6 2. c4 c5 3. Nc3 b6 4. e4 Bb7 5. e5 Nh5 6. d4 cxd4 7. Nxd4 g6 8. Be2 Nc6 9. Nxc6 dxc6 10. Bxh5 gxh5 11. Qxh5 Qd3 12. e6 0-0-0 13. exf7 e6 14. Qe5 Qg6 15. Qxh8 Bg7 16. Qxd8+ Kxd8 17. Be3 Bxc3+ 18. bxc3 Qxf7 19. c5 Ba6 20. f3 Qg6 21. Rd1+ Kc8 22. Kf2 Bc4 23. Rd2 b5 24. Rhd1 Bd5 25. Bd4 Qf5 26. Kg1 e5 27. Bf2 h5 28. Re2 Qg6 29. Re3 e4 30. fxe4 Bxe4 31. Rg3 Qf7 32. Re1 Bf5 33. Bd4 Bg4 34. h3 Qf4 35. Rge3 Bd7 36. Rf1 Qg5 37. Rf7 Qd5 38. Ree7 Qxa2 39. Rxd7 b4 40. Rc7+ Kb8 41. Rb7+ Ka8 1-0

[Event "FRA-chT2 South 0607"]
[Site "France"]
[Date "2006.11.25"]
[Round "2.3"]
[White "Letreguilly, Olivier"]
[Black "Adda, Olivier"]
[Result "1-0"]
[WhiteElo "2308"]
[BlackElo "2182"]
[PlyCount "51"]
[EventDate "2006.10.15"]
[EventType "team"]
[EventRounds "11"]
[EventCountry "FRA"]
[SourceTitle "EXT 2008"]
[Source "ChessBase"]
[SourceDate "2007.11.25"]
[SourceVersion "1"]
[SourceVersionDate "2007.11.25"]
[SourceQuality "1"]
[WhiteTeam "Saint Affrique"]
[BlackTeam "Grenoble"]
[WhiteTeamCountry "FRA"]
[BlackTeamCountry "FRA"]

1. d4 d5 2. Bf4 Nf6 3. e3 e6 4. Nd2 c5 5. c3 Nc6 6. Bd3 cxd4 7. exd4 Bd6 8. Bxd6 Qxd6 9. Ngf3 0-0 10. 0-0 e5 11. dxe5 Nxe5 12. Nxe5 Qxe5 13. Re1 Qc7 14. Nf1 Bg4 15. Qa4 a6 16. Ne3 b5 17. Qd4 Be6 18. a4 bxa4 19. Rxa4 a5 20. Qh4 Rfb8 21. Rf4 Ne4 22. Nxd5 Bxd5 23. Bxe4 Bxe4 24. Rfxe4 Qc6 25. Qg5 Rxb2 26. Qd5 1-0

[Event "FRA-ch Accession"]
[Site "Besancon"]
[Date "2006.08.19"]
[Round "5"]
[White "Marie, Maxime"]
[Black "Adda, Olivier"]
[Result "1/2-1/2"]
[WhiteElo "2165"]
[BlackElo "2142"]
[PlyCount "95"]
[EventDate "2006.08.15"]
[EventType "swiss"]
[EventRounds "10"]
[EventCountry "FRA"]
[SourceTitle "CBM 113 Extra"]
[Source "ChessBase"]
[SourceDate "2006.09.14"]
[SourceVersion "1"]
[SourceVersionDate "2006.09.14"]
[SourceQuality "1"]

1. e4 e5 2. Bc4 Nc6 3. Nc3 Nf6 4. d3 Bb4 5. Bg5 h6 6. Bh4 Na5 7. Bb3 Nxb3 8. axb3 d6 9. Nge2 c6 10. 0-0 g5 11. Bg3 h5 12. h4 Ng4 13. hxg5 h4 14. Bh2 h3 15. g3 Qxg5 16. d4 0-0 17. Qd3 exd4 18. f4 Qg7 19. Nxd4 Bc5 20. Rad1 b6 21. Na4 Ba6 22. c4 Rad8 23. Kh1 b5 24. Nf5 Qf6 25. Qf3 Nh6 26. Nxc5 dxc5 27. g4 Nxf5 28. gxf5 Rxd1 29. Qg4+ Qg7 30. Qxg7+ Kxg7 31. Rxd1 bxc4 32. Bg1 cxb3 33. Bxc5 Re8 34. e5 Bc8 35. Rg1+ Kh6 36. Rg5 Rd8 37. Bd6 c5 38. Bxc5 Rd2 39. Bf8+ Kh7 40. Rg7+ Kh8 41. Rxf7 Ba6 42. Bb4 Rc2 43. Rd7 Bb5 44. Rd2 Rxd2 45. Bxd2 Bd3 46. f6 Bf5 47. Bc3 Kg8 48. Kh2 1/2-1/2

[Event "FRA-ch Accession"]
[Site "Besancon"]
[Date "2006.08.17"]
[Round "3"]
[White "Nguyen, Huu Hoang Anh"]
[Black "Adda, Olivier"]
[Result "0-1"]
[WhiteElo "2063"]
[BlackElo "2142"]
[PlyCount "88"]
[EventDate "2006.08.15"]
[EventType "swiss"]
[EventRounds "10"]
[EventCountry "FRA"]
[SourceTitle "CBM 113 Extra"]
[Source "ChessBase"]
[SourceDate "2006.09.14"]
[SourceVersion "1"]
[SourceVersionDate "2006.09.14"]
[SourceQuality "1"]

1. c3 Nf6 2. Qc2 e6 3. d3 d5 4. e4 Be7 5. Nf3 c5 6. Be2 Nc6 7. 0-0 0-0 8. h3 b6 9. Bf4 d4 10. Nbd2 Bb7 11. a3 Rc8 12. Ne5 Nxe5 13. Bxe5 Nd7 14. Bh2 Kh8 15. Bf3 e5 16. Bg4 dxc3 17. bxc3 f6 18. f4 Rc7 19. Nf3 exf4 20. Bxf4 Rc6 21. Rae1 Bd6 22. Bxd7 Qxd7 23. e5 Bb8 24. Qd1 Re8 25. Bh2 fxe5 26. Nxe5 Bxe5 27. Rxe5 Rg6 28. Rf2 h6 29. Rxe8+ Qxe8 30. d4 Qe3 31. g4 Qe4 32. Kf1 Qh1+ 33. Ke2 Qe4+ 34. Kf1 Ba6+ 35. Kg1 Qe3 36. Qf3 Qe1+ 37. Kg2 Kh7 38. Be5 Bb5 39. Kg3 Bc6 40. Qf5 Be4 41. Qf4 Qg1+ 42. Kh4 Rxg4+ 43. hxg4 g5+ 44. Kh3 gxf4 0-1

[Event "FRA-chT2 0405"]
[Site "France"]
[Date "2005.01.08"]
[Round "5.4"]
[White "Adda, Olivier"]
[Black "Sanz Perez, Eduardo"]
[Result "0-1"]
[WhiteElo "2208"]
[BlackElo "2151"]
[PlyCount "72"]
[EventDate "2004.10.10"]
[EventType "team"]
[EventRounds "11"]
[EventCountry "FRA"]
[SourceTitle "EXT 2006"]
[Source "ChessBase"]
[SourceDate "2005.11.24"]
[SourceVersion "1"]
[SourceVersionDate "2005.11.24"]
[SourceQuality "1"]
[WhiteTeam "Grenoble"]
[BlackTeam "Bayonne"]
[WhiteTeamCountry "FRA"]
[BlackTeamCountry "FRA"]

1. e4 e6 2. d4 d5 3. Nd2 c5 4. Ngf3 Nf6 5. e5 Nfd7 6. c3 Nc6 7. Bd3 Qb6 8. 0-0 cxd4 9. cxd4 Nxd4 10. Nxd4 Qxd4 11. Nf3 Qg4 12. h3 Qh5 13. Qa4 Be7 14. Kh2 f5 15. Bb5 a6 16. Nd4 Qf7 17. f4 Rb8 18. Be2 0-0 19. b4 b5 20. Qb3 Bb7 21. Rb1 Nb6 22. g4 g6 23. gxf5 gxf5 24. Qd1 Bh4 25. Bh5 Qd7 26. Bb2 Nc4 27. Ba1 Kh8 28. Qd3 Qe7 29. Rg1 Bf2 30. Nxf5 Rxf5 31. Qxf5 exf5 32. e6+ d4 33. Rbd1 Qh4 34. Rxd4 Bxg1+ 35. Kxg1 Qe1+ 36. Kh2 Qf2# 0-1

[Event "FRA-chT2 0405"]
[Site "France"]
[Date "2004.12.05"]
[Round "4.4"]
[White "Adda, Olivier"]
[Black "Moingt, Jean Claude"]
[Result "0-1"]
[WhiteElo "2208"]
[BlackElo "2292"]
[PlyCount "110"]
[EventDate "2004.10.10"]
[EventType "team"]
[EventRounds "11"]
[EventCountry "FRA"]
[SourceTitle "EXT 2006"]
[Source "ChessBase"]
[SourceDate "2005.11.24"]
[SourceVersion "1"]
[SourceVersionDate "2005.11.24"]
[SourceQuality "1"]
[WhiteTeam "Grenoble"]
[WhiteTeamCountry "FRA"]

1. e4 c5 2. Nf3 Nc6 3. d4 cxd4 4. Nxd4 g6 5. c4 Nf6 6. Nc3 Nxd4 7. Qxd4 d6 8. Be2 Bg7 9. 0-0 0-0 10. Qd3 a6 11. Bd2 Nd7 12. Qg3 b6 13. Kh1 Bb7 14. f3 Rc8 15. Rac1 Nc5 16. b4 Ne6 17. Be3 Nd4 18. Qf2 e5 19. Bd3 Qd7 20. f4 f5 21. exf5 Nxf5 22. Bxb6 exf4 23. Nd5 Be5 24. Be4 Qg7 25. Bf3 Ng3+ 26. Kg1 Nxf1 27. Kxf1 Kh8 28. a4 g5 29. h3 Qf7 30. Qe2 Bc6 31. Qd1 Qb7 32. Bd4 Bxd5 33. Bxe5+ dxe5 34. Qxd5 Qxd5 35. Bxd5 Rfd8 36. Re1 Re8 37. Bf7 Re7 38. Bd5 Kg7 39. c5 a5 40. c6 axb4 41. Re4 Rb8 42. Bc4 b3 43. Bb5 b2 44. Rb4 Rc7 45. Rxb2 Rxc6 46. Rd2 Rc1+ 47. Kf2 e4 48. Re2 e3+ 49. Kf3 Rf1+ 50. Ke4 Rf2 51. Re1 Rxg2 52. h4 h6 53. hxg5 hxg5 54. Rh1 Rxb5 55. axb5 Rb2 0-1

[Event "Grenoble Masters 3rd"]
[Site "Grenoble"]
[Date "2004.06.22"]
[Round "5"]
[White "Aguettaz, Maxime"]
[Black "Adda, Olivier"]
[Result "1/2-1/2"]
[WhiteElo "2349"]
[BlackElo "2181"]
[PlyCount "117"]
[EventDate "2004.06.19"]
[EventType "tourn"]
[EventRounds "9"]
[EventCountry "FRA"]
[EventCategory "3"]
[SourceTitle "CBM 100 Extra"]
[Source "ChessBase"]
[SourceDate "2004.07.06"]
[SourceVersion "2"]
[SourceVersionDate "2004.07.06"]
[SourceQuality "1"]

1. Nf3 d5 2. g3 Nf6 3. Bg2 Bg4 4. c4 e6 5. b3 c6 6. Bb2 Nbd7 7. 0-0 Bd6 8. d4 Bxf3 9. Bxf3 h5 10. cxd5 exd5 11. Nc3 h4 12. e4 dxe4 13. Bxe4 Qc7 14. Qf3 Nxe4 15. Nxe4 0-0-0 16. d5 Kb8 17. dxc6 Be5 18. cxd7 Bxb2 19. Rad1 hxg3 20. fxg3 Rxd7 21. Rxd7 Qxd7 22. Qxf7 Qd4+ 23. Nf2 Qc5 24. Re1 a6 25. Re8+ Rxe8 26. Qxe8+ Ka7 27. Qe2 Bd4 28. Kg2 Qf5 29. Ne4 Bb6 30. h4 Qe5 31. a4 Qd5 32. Qf3 Qd4 33. Kh3 Qd7+ 34. g4 Qe6 35. h5 Qe5 36. g5 Bg1 37. Kg4 Qe6+ 38. Kh4 Qe5 39. Kh3 Qe6+ 40. Kh4 Qe5 41. Ng3 Be3 42. Qf5 Qc3 43. Qg4 Qxb3 44. h6 gxh6 45. g6 Bg5+ 46. Kh5 Qd5 47. Qe4 Qd7 48. Qg4 Qxg4+ 49. Kxg4 Bf6 50. Kf5 Bh8 51. Ke4 Kb6 52. Nf5 h5 53. Kd5 Ka5 54. Nd6 h4 55. Nxb7+ Kxa4 56. Ke4 h3 57. Kf3 Be5 58. Nc5+ Kb5 59. Nxa6 1/2-1/2

[Event "FRA-ch Accession"]
[Site "Aix les Bains"]
[Date "2003.08.19"]
[Round "3"]
[White "Piot, Olivier"]
[Black "Adda, Olivier"]
[Result "1/2-1/2"]
[WhiteElo "2230"]
[BlackElo "2169"]
[PlyCount "42"]
[EventDate "2003.08.19"]
[EventType "swiss"]
[EventRounds "11"]
[EventCountry "FRA"]
[SourceTitle "EXT 2004"]
[Source "ChessBase"]
[SourceDate "2003.11.25"]
[SourceVersion "1"]
[SourceVersionDate "2003.11.25"]
[SourceQuality "1"]

1. d4 d5 2. c4 Nc6 3. e3 e5 4. dxe5 d4 5. a3 f6 6. Bd3 fxe5 7. Qh5+ Ke7 8. Qe2 Nf6 9. e4 a5 10. h3 Qe8 11. g4 Kd8 12. f4 Nd7 13. f5 Nc5 14. Bg5+ Be7 15. Bxe7+ Qxe7 16. Nd2 h5 17. g5 Qxg5 18. 0-0-0 Ke7 19. Ngf3 Qe3 20. Kc2 Qxe2 21. Bxe2 Bd7 1/2-1/2